[Event "Warsaw YMCA Winter-C 136th"]
[Site "Warsaw"]
[Date "2014.03.04"]
[Round "9"]
[White "Lewandrowski, Tomasz"]
[Black "Sylwestrzuk, Mariusz"]
[Result "1-0"]
[WhiteElo "1817"]
[BlackElo "1709"]
[PlyCount "73"]
[EventDate "2014.01.06"]
[EventType "tourn"]
[EventRounds "13"]
[EventCountry "POL"]
[SourceTitle "EXT 2015"]
[Source "ChessBase"]
[SourceDate "2014.11.20"]
[SourceVersion "1"]
[SourceVersionDate "2014.11.20"]
[SourceQuality "1"]

1. e4 c5 2. Nf3 Nc6 3. Bb5 g6 4. d4 cxd4 5. Nxd4 Bg7 6. Nxc6 bxc6 7. Bc4 Rb8 8. 0-0 d6 9. Kh1 e6 10. Nc3 Ne7 11. Bb3 0-0 12. Bf4 e5 13. Bg5 Be6 14. Qd2 Qc7 15. Bh6 Bxb3 16. axb3 f5 17. Bxg7 Kxg7 18. f4 Rb4 19. fxe5 dxe5 20. exf5 Rxf5 21. Rxf5 Nxf5 22. Nd5 cxd5 23. Qxb4 e4 24. Qc3+ Qxc3 25. bxc3 Kf6 26. Kg1 Ne3 27. Kf2 Ng4+ 28. Ke2 h5 29. h3 Ne5 30. Rxa7 Kf5 31. Ra5 Ke6 32. Ke3 g5 33. Ra6+ Kf5 34. Rd6 g4 35. Rxd5 gxh3 36. gxh3 Ke6 37. Rxe5+ 1-0

[Event "Warsaw YMCA Winter-C 136th"]
[Site "Warsaw"]
[Date "2014.02.18"]
[Round "7"]
[White "Krzyzanowski, Antoni"]
[Black "Sylwestrzuk, Mariusz"]
[Result "1/2-1/2"]
[WhiteElo "1731"]
[BlackElo "1709"]
[PlyCount "116"]
[EventDate "2014.01.06"]
[EventType "tourn"]
[EventRounds "13"]
[EventCountry "POL"]
[SourceTitle "EXT 2015"]
[Source "ChessBase"]
[SourceDate "2014.11.20"]
[SourceVersion "1"]
[SourceVersionDate "2014.11.20"]
[SourceQuality "1"]

1. g3 d5 2. Bg2 Nf6 3. d3 g6 4. Nd2 Bg7 5. e4 dxe4 6. dxe4 0-0 7. Qe2 c6 8. h4 Nbd7 9. Nh3 Ne5 10. b3 Qd4 11. Rb1 Neg4 12. Bb2 Qc5 13. c4 Nh5 14. Bxg7 Nxg7 15. 0-0 Rd8 16. Rfd1 Ne5 17. b4 Qb6 18. c5 Qc7 19. Nf4 Ne6 20. Nb3 Rxd1+ 21. Rxd1 Nxf4 22. gxf4 Ng4 23. e5 h5 24. Nd4 Nh6 25. Be4 Bh3 26. Kh2 Bd7 27. Rg1 Kh8 28. Rg5 Ng4+ 29. Kg1 Rg8 30. Qd2 e6 31. f3 Nh6 32. Qg2 Nf5 33. Bxf5 exf5 34. Qg3 Kh7 35. Kh2 a5 36. a3 axb4 37. axb4 Qb8 38. Qe1 Qa7 39. e6 Bxe6 40. Nxe6 Qa2+ 41. Rg2 Qxe6 42. Qxe6 fxe6 43. Rd2 Rg7 44. Rd6 Re7 45. Kg2 Kg7 46. Kf2 Kf7 47. Ke3 e5 48. fxe5 Rxe5+ 49. Kf4 Re1 50. Rd7+ Re7 51. Rd6 Re1 52. Kg5 Rg1+ 53. Kf4 Re1 54. Kg5 Rg1+ 55. Kf4 Ke7 56. Rd3 Rb1 57. Rd4 Rg1 58. Rd3 Rb1 1/2-1/2

[Event "Warsaw YMCA Autumn-D 128th"]
[Site "Warsaw"]
[Date "2013.11.05"]
[Round "8"]
[White "Sylwestrzuk, Mariusz"]
[Black "Gierech, Pawel"]
[Result "1-0"]
[WhiteElo "1591"]
[BlackElo "1671"]
[PlyCount "73"]
[EventDate "2013.09.17"]
[EventType "tourn"]
[EventRounds "11"]
[EventCountry "POL"]
[SourceTitle "EXT 2015"]
[Source "ChessBase"]
[SourceDate "2014.11.20"]
[SourceVersion "1"]
[SourceVersionDate "2014.11.20"]
[SourceQuality "1"]

1. e4 e5 2. Nf3 Nf6 3. Nxe5 Qe7 4. Nf3 Nxe4 5. Qe2 d5 6. Nc3 Nxc3 7. dxc3 Bg4 8. Qxe7+ Bxe7 9. Ne5 Be6 10. Be3 Bf6 11. Nd3 Nd7 12. Nf4 0-0 13. Bd3 c6 14. Nxe6 fxe6 15. 0-0-0 b6 16. h4 Ne5 17. f3 c5 18. Be2 a5 19. g4 Nc6 20. f4 d4 21. cxd4 Bxd4 22. Bd2 g6 23. Bc4 Rae8 24. c3 Bg7 25. Rhe1 Nd8 26. Kc2 Kh8 27. Bc1 e5 28. fxe5 Bxe5 29. Bg5 Nf7 30. Bxf7 Rxf7 31. Rd5 Rf2+ 32. Kb1 Rxb2+ 33. Kxb2 Bxc3+ 34. Kxc3 Rxe1 35. Rd6 Rb1 36. Bh6 Kg8 37. Rf6 1-0

[Event "Warsaw YMCA Autumn-D 128th"]
[Site "Warsaw"]
[Date "2013.10.01"]
[Round "3"]
[White "Sylwestrzuk, Mariusz"]
[Black "Wrabel, Antoni"]
[Result "0-1"]
[WhiteElo "1591"]
[BlackElo "1676"]
[PlyCount "142"]
[EventDate "2013.09.17"]
[EventType "tourn"]
[EventRounds "11"]
[EventCountry "POL"]
[SourceTitle "EXT 2015"]
[Source "ChessBase"]
[SourceDate "2014.11.20"]
[SourceVersion "1"]
[SourceVersionDate "2014.11.20"]
[SourceQuality "1"]

1. e4 e5 2. Nf3 Nc6 3. Bb5 a6 4. Ba4 Nf6 5. 0-0 b5 6. Bb3 Be7 7. Re1 0-0 8. c3 d6 9. h3 Na5 10. Bc2 c5 11. d4 Qc7 12. Nbd2 Bd7 13. d5 Nb7 14. Nf1 c4 15. Ng3 Nc5 16. Be3 Rfe8 17. Nh2 g6 18. Bh6 Bf8 19. Qd2 Bg7 20. h4 Ng4 21. Nxg4 Bxg4 22. f3 Bc8 23. h5 Qe7 24. hxg6 fxg6 25. Be3 Nd7 26. a4 Bb7 27. axb5 axb5 28. b3 cxb3 29. Bxb3 Nf8 30. Bc5 Nd7 31. Bb4 Bf6 32. Nf1 Nf8 33. Bc2 Bg5 34. Qe2 Qd7 35. Bd3 Ba6 36. Ra5 Bd8 37. Ra2 Bb6+ 38. Kh1 Qe7 39. g3 Qg5 40. Rea1 Bb7 41. Rxa8 Bxa8 42. Bxd6 Rd8 43. Bb4 Nd7 44. Bxb5 Nf6 45. c4 Bd4 46. Ra2 Nh5 47. Kh2 Bb7 48. Qd2 Nf4 49. Kh1 Qh5+ 50. Nh2 Nh3 51. Qg2 Bc8 52. g4 Qh4 53. Be7 Qxe7 54. Qxh3 Qb4 55. Qf1 Rf8 56. Kg2 Be3 57. Qd1 Qc5 58. Nf1 Bd4 59. Ng3 Qe7 60. Ne2 Bc5 61. Qd3 Qh4 62. Ng3 h5 63. d6 Be6 64. Bc6 hxg4 65. fxg4 Qxg4 66. Kh1 Rf3 67. Ra8+ Kg7 68. Qe2 Qxg3 69. Qg2 Qh4+ 70. Qh2 Qe1+ 71. Kg2 Rf2+ 0-1